000
00376nam a22001337a 4500
003
SGT
020
_a
9789387269354
082
_a
891.4309
_b
D17A
100
_a
अख्तर, शकील
245
_a
दिल ही तो हैं
260
_b
स्टोरी मिरोर इंफोटेक प्रा. लि.
_c
2017
300
_a
230
942
_2
ddc
_c
BK
999
_c
31436
_d
31436